Proč musí dobří šéfové rozumět svým podŕízeným
Šéfovia sú dôležití, pretože udávajú svojim podriadeným tón. Sú dôležití pre všetkých, ktorých riadia, ale najmä pre priamych podriadených. Umenie viesť ľudí. Zvyšovanie výkonu.
Salvato in:
| Natura: | Capitolo di libro |
|---|---|
| Lingua: | ceco |
| Soggetti: | |
| Tags: |
Nessun Tag, puoi essere il primo ad aggiungerne!!
|
MARC
| LEADER | 00000naa a2200000 4500 | ||
|---|---|---|---|
| 001 | 0126456 | ||
| 005 | 20231113132720.5 | ||
| 041 | 0 | |a cze | |
| 044 | |a CZ | ||
| 245 | 1 | 0 | |a Proč musí dobří šéfové rozumět svým podŕízeným |
| 520 | |a Šéfovia sú dôležití, pretože udávajú svojim podriadeným tón. Sú dôležití pre všetkých, ktorých riadia, ale najmä pre priamych podriadených. Umenie viesť ľudí. Zvyšovanie výkonu. | ||
| 610 | 2 | 0 | |a vodcovstvo |
| 610 | 2 | 0 | |a vedenie ľudí |
| 610 | 2 | 0 | |a zamestnanci |
| 610 | 2 | 0 | |a podriadení |